Nový fenomén:požičia vám neznámy

Peer-to-peer pôžičky umožňujúce získať pôžičku od iných ľudí s nižším úrokom ako v banke.

Gespeichert in:
Bibliographische Detailangaben
1. Verfasser: Žitňanský, Eduard
Weitere Verfasser: Žuffa, Radovan
Format: Buchkapitel
Sprache:Slowakisch
Schlagworte:
Tags: Tag hinzufügen
Keine Tags, Fügen Sie das erste Tag hinzu!

MARC

LEADER 00000naa a2200000 4500
001 0219383
005 20231113083832.1
041 0 |a slo 
044 |a SK 
245 1 0 |a Nový fenomén:požičia vám neznámy  |c Eduard Žitňanský, Radovan Žuffa 
520 |a Peer-to-peer pôžičky umožňujúce získať pôžičku od iných ľudí s nižším úrokom ako v banke. 
610 2 0 |a pôžičky 
610 2 0 |a banky investičné 
610 2 0 |a úrok 
610 2 0 |a investori 
100 1 |a Žitňanský, Eduard 
700 1 |a Žuffa, Radovan